00958nam a2200217 a 450000100100000000500170001000800410002704000250006808200150009324500970010826000980020530000360030370000310033970000270037070000280039770000350042570000330046070000390049395201910053299900170072300004630220260302104244.0150717s1988 dr ac 000 0 spa d aDO-SdBNPbspacBNPHU axxxxbxxxx00aArtistas en residencia /cJean-Luc Abbatucci...[et. al.] ; coordinación Irene Rodríguez. aAltos de Chavón La Romana, República Dominicana :bCerveceria Nacional Dominicana,c1988. a[26] p. :bil. retrs. ;c27 cm.12aAbbatucci, Jean-Luc97431512aMersky, Deborah97431612aGundersen, Greta97431712aÁlvarez, Julia,d1950-9562412aPotter-Mael, Brigitte97431812aRodríguez, Irene,ecoord.974319 0010718PDaPDbPDcCTd2015-07-17iLF1l0oxxxx xxxxp46302-10r2020-06-25w2020-06-25yLFPDzPerteneció a la biblioteca personal de Chiqui Vicioso / Fidelio Despradel.ZNo se presta c45791d45791